Statistics for Countries with the lowest IQ

Click here to take the quiz!

General Stats

  • This quiz has been taken 29 times
  • The average score is 11 of 20

Answer Stats

IQCountry% Correct
59Equatorial Guinea
93%
67Guinea-Bissau
93%
67Guinea
86%
68Chad
82%
68Somalia
75%
68Angola
68%
68Djibouti
64%
64Gabon
64%
68Burkina Faso
54%
68Eswatini
50%
67Liberia
50%
64Mozambique
50%
66The Gambia
50%
64Cameroon
46%
67Lesotho
46%
67Sao Tome And Principe
39%
67Haiti
32%
62St. Lucia
11%
67Dominica
7%
67St. Kitts And Nevis
4%

Score Distribution

Percentile by Number Answered

Percent of People with Each Score

Your Score History

You have not taken this quiz